000 00396nam a2200157Ia 4500
008 230524s9999 xx 000 0 und d
082 _a621.382
_bGHO
100 _aArun K.Ghosh
245 0 _aIntroduction to Measurements and Instrumentation
250 _a2ND
260 _aNEW DELHI
_bPHI
_c2007
300 _aXVI;458
500 _aQuantity Number: 2
650 _aElectronics
942 _cBK
999 _c36517
_d36517